| 000 | 00783nam a2200217 i 4500 | ||
|---|---|---|---|
| 001 | 141765 | ||
| 003 | ES-MaACL | ||
| 005 | 20250718062542.0 | ||
| 007 | t| | ||
| 008 | 070927s1913 sz ||||1| fre d | ||
| 100 | 1 |
_aVinet, Alexandre. _9115326 |
|
| 245 | 1 | 0 |
_aPhilosophie morale et sociale / _cAlexandre Vinet ; recuil d'essais, d'articles et de fragments, publies d'aprés les editions originaux et les manuscrits par Ph. Bridel... avec la collaboration de Paul Bonnard. |
| 260 |
_aLausanne : _bGeorge Bridefet, _c1913 ( _fImp. Réunies) |
||
| 300 |
_aXLVI, 403 p. ; _c23 cm. |
||
| 500 | _aEs el tomo 1. | ||
| 650 | 1 | 7 |
_aÉtica _2embne _912577 |
| 700 | 1 |
_aBonnard, Paul. _930227 |
|
| 700 | 1 |
_aBridel, Philippe. _931696 |
|
| 852 |
_aES-MaACL _jB-13589 |
||
| 999 |
_c141765 _d141765 |
||